Digitálna integrácia a riziká digitálnej exklúzie
Charakteristika sociálnej a digitálnej integrácie. Digitálna integrácia - riešenie aktuálnych otázok v EÚ a v SR. Národná stratégia Slovenskej republiky pre digitálnu integráciu. Prioritné oblasti z hľadiska digitálnej integrácie. Prístupnosť a použiteľnosť IKT pre znevýhodnené skupiny obyvateľstva....
Gespeichert in:
| 1. Verfasser: | |
|---|---|
| Format: | Buchkapitel |
| Sprache: | Slowakisch |
| Schlagworte: | |
| Tags: |
Keine Tags, Fügen Sie das erste Tag hinzu!
|
MARC
| LEADER | 00000nla$a2200000$$$4500 | ||
|---|---|---|---|
| 001 | 0114197 | ||
| 005 | 20240502072254.8 | ||
| 041 | 0 | |a slo | |
| 044 | |a SK | ||
| 245 | 1 | 0 | |a Digitálna integrácia a riziká digitálnej exklúzie |c Anna Ondrejková |
| 520 | |a Charakteristika sociálnej a digitálnej integrácie. Digitálna integrácia - riešenie aktuálnych otázok v EÚ a v SR. Národná stratégia Slovenskej republiky pre digitálnu integráciu. Prioritné oblasti z hľadiska digitálnej integrácie. Prístupnosť a použiteľnosť IKT pre znevýhodnené skupiny obyvateľstva. Elektronický bezbariérový prístup (eAccessibility). | ||
| 610 | 2 | 0 | |a digitalizácia |
| 610 | 2 | 0 | |a informatizácia |
| 610 | 2 | 0 | |a integrácia |
| 610 | 2 | 0 | |a technológie informačné |
| 610 | 2 | 0 | |a technológie komunikačné |
| 610 | 2 | 0 | |a spoločnosť informačná |
| 610 | 2 | 0 | |a skupiny sociálne |
| 610 | 2 | 0 | |a legislatíva |
| 100 | 1 | |a Ondrejková, Anna | |